MDQL
is popping MORE tags! Check the
thread
!
Quizzes
Events
Quiz Creation
Community
Videos
Private Events
Remove Ads
Sign In
Join for FREE
Feedback
Dark Mode
Quiz Categories
Sports
Geography
Music
Movies
Television
Just For Fun
Miscellaneous
History
Literature
Language
Science
Gaming
Entertainment
Religion
Holiday
For Kids
Quiz Lab
Recent
Popular Today
Quiz Kudos Today
Editor Picks
Curator Picks
Quizzes by...
Day
Popularity
Type
Ratings
Length
Year
Community
Subscriptions
Recent Discussions
Orange Saloon
Badges
Playlists
Quests
Create
Leaderboards
Showdown
Live 5
Trivia Bingo
Activity
Puzzle Library
Sporcle Events
Private Events
Virtual Trivia
Globe League
Become a Host
Pub Owners
SporcleCon
Opinionation
Our Games
Videos
Blog
Mobile Apps
Partnerships
Remove Ads and Go Orange
Feedback
Music
Pop Music
The Beatles
Song
Album
Lyrics
Bands
Singers
Artist
Clip
Rock
Rap
Classical
Billboard
Country Music
Kpop
Taylor Swift
Music
Pop Music
The Beatles
Song
Album
Lyrics
Bands
Singers
Artist
Clip
Rock
Rap
Classical
Billboard
Country Music
Kpop
Taylor Swift
Random Quiz
Search Sporcle
×
Quiz Lab
Quiz Lab
Music
Musical
Select answers by clicking on text or image buttons
Select answers by clicking on text or image buttons
Clickable
Best Score? Go Orange.
It's All His: Musical Match Stats
Can you match the musical to it's lyrics pertaining to boys?
By
DaisyGM
10m
37 Questions
116 Plays
116 Plays
116 Plays
Comments
Comments
Give Quiz Kudos
Give Quiz Kudos
-
- Ratings
hide this ad
Forced Order
Answers have to be entered in order
Answers have to be entered in order
Random Order
Randomize order of answers
Randomize order of answers
Replay
Link that replays current quiz
Next Quiz
Link to next quiz in quiz playlist
You Got
0%
They Got
Avg Score
30%
Avg Friend Score
Upgrade to see
Score Distribution
Jump to the score distribution portion of the page
Score
0/37
Timer
10:00
0
Plays Today
% Correct
The Little Mermaid
72.4%
The Lion King
69.8%
Wicked
69%
Annie
64.7%
Les Miserables
62.1%
The Sound of Music
62.1%
My Fair Lady
52.6%
Phantom of the Opera
51.7%
Beauty and the Beast
50.9%
Singin' in the Rain
50%
Enchanted
48.3%
Annie Get Your Gun
41.4%
Peter Pan
40.5%
Thoroughly Modern Millie
35.3%
Gigi
35.3%
Oklahoma!
35.3%
Cinderella
28.4%
Kiss Me Kate
24.1%
Hello, Dolly!
20.7%
% Correct
Girl Crazy
20.7%
Guys and Dolls
19.8%
Promises, Promises
19%
South Pacific
18.1%
Newsies
17.2%
The Music Man
15.5%
Oliver!
15.5%
You're a Good Man Charlie Brown
12.9%
Anything Goes
12.9%
Carousel
12.9%
The Wiz
9.5%
Meet Me in St. Louis
9.5%
Brigadoon
8.6%
Bye Bye Birdie
7.8%
Funny Girl
6.9%
Seven Brides for Seven Brothers
6%
Easter Parade
3.4%
Mary Poppins
2.6%
Quiz Playlist
Details
Report
Send in Message
Add To Playlist
Clickable:
Select answers by clicking on text or image buttons
Forced Order:
Answers have to be entered in order
Random Order:
Randomize order of answers
Last Updated: Feb 16, 2017
Quiz Scoreboard
CHALLENGE
Sign Up to Join the Scoreboard
Show All
Scores
Hide
Comments
May contain spoilers
Recently Published
Holiday 10x10 Sorting Gallery
by lukepisani3
Holiday
15m
Two Season TV Shows II
by 123Four
Television
10m
Image Sorting: Flags VI
by Barbecue
Geography
2m
More to Explore
Quiz From the Vault
Featured Blog Post
14 Easter Pick-up Lines to Find Eggs With
hide this ad
You Might Also Like...
Tags
Broadway Quiz
Musical Quiz
Broadway Lyrics
Broadway Musicals
Broadway Shows
Movie Musicals
Musical Songs
Musical Theater
Today's Top Quizzes in Music
Browse Music
hide this ad
Today's Top Quizzes in Musical
Browse Musical
Top Contributed Quizzes in Music
1
5X2 Blitz: Bands II
2
5X2 Blitz: The Beatles
3
Taylor Swift All Songs (2024)
4
5X2 Blitz: Billboard
5
5X2 Blitz: Billboard II
6
Music Artist by Three 2010s hits
7
5X2 Blitz: Album
8
5X2 Blitz: Rock
9
5X2 Blitz: Singers
10
5X2 Blitz: Lyrics
Explore More
Trending Topics
Disney
Kpop
Anime
Crossword
Harry Potter
NBA
Marvel
Pokémon
NFL
Song
The Office
Puzzle
Country
Soccer
WWE
hide this ad
More By:
DaisyGM
Quiz
Plays
Rating
Category
Featured
Created
It's All Hers: Musical Match
146
5.00
Music
May 6, 2016
Mine, Mine, Mine: Guess the Musical
121
5.00
Music
May 6, 2016
It's All His: Musical Match
116
5.00
Music
May 6, 2016
All About You Lyrics
80
5.00
Entertainment
May 15, 2016
To By Too By Two Lyrics
57
4.50
Entertainment
Sep 6, 2016
Go to Creator's Profile
Score Distribution
Quiz Creator Spotlight
DaisyGM
Follow
Send a Message
Quizzes Created
-
Created Quiz Play Count
-
More By This Creator
Popular Quizzes Today
1
Find the US States - No Outlines Minefield
2
Colored Red Africa Blitz
3
Find the 'City' Movie
4
The Countries of the World
5
5x2 Blitz: Bands
6
Find the Countries of Europe - No Outlines Minefield
7
Find the US States
8
US States
More Music Quizzes
BLACKPINK Albums, Mini Albums & Singles
Quiz Lab
Trending Quizzes
Colored Red Europe Blitz I
Colored Red Europe Blitz II
Colored Red Africa Blitz II
Even More Two Season TV Shows
Colored Red Africa Blitz III
Recently Updated
Odd Team Out - Big 4 Players
pecheneg
Quick Pick: 20 Twenties
pecheneg
March Madness Men's Triple Doubles
pecheneg
How Do You Spell That?
pecheneg
Godzilla Movies
pecheneg
Grab Bag: 4-10 Letters
pecheneg
2024 March Madness Bracket
pecheneg
Famous TV Couples
Peacemaker
Champions League XIs: Real Madrid
pecheneg
Largest US Cities 1790-2010
pecheneg
Trending Topics
NBA
Disney
Kpop
Harry Potter
Crossword
Marvel
Anime
Pokémon
Puzzle
The Office
WWE
Soccer
Song
Country
NFL
Your Account Isn't Verified!
In order to create a playlist on Sporcle, you need to verify the email address you used during registration. Go to your
Sporcle Settings
to finish the process.
Report this User
Report this user for behavior that violates our
Community Guidelines
.
Details:
Send Report
Go to the Sporcle.com Mobile Site →
Comments